| 000 | 00357 a2200145 4500 | ||
|---|---|---|---|
| 082 | _a602.7 | ||
| 090 |
_c1621 _d1621 |
||
| 100 | _aGupta,I.C. | ||
| 245 |
_aA Text Book of Engineering Metrology _cI.C.Gupta |
||
| 250 | _a4th edition | ||
| 260 |
_aDelhi _bDhanpat Rai & Sons _c1994 |
||
| 300 | _a915p | ||
| 500 | _aPaper cover | ||
| 942 |
_aNBS _cBK _k602.7 GUP |
||
| 999 |
_c344137 _d344137 |
||